Derecho administrativo disciplinario / (Registro nro. 39319)

Detalles MARC
000 -LEADER
fixed length control field 01261nam a2200277 4500
001 - CONTROL NUMBER
control field 0000016423
003 - CONTROL NUMBER IDENTIFIER
control field CO-CtgCURN
005 - DATE AND TIME OF LATEST TRANSACTION
control field 20250429224118.0
007 - PHYSICAL DESCRIPTION FIXED FIELD--GENERAL INFORMATION
fixed length control field ta
008 - FIXED-LENGTH DATA ELEMENTS--GENERAL INFORMATION
fixed length control field 160627s2001 000 0 eng d
020 ## - INTERNATIONAL STANDARD BOOK NUMBER
International Standard Book Number 9586901920
040 ## - CATALOGING SOURCE
Original cataloging agency CO-CtgCURN
Language of cataloging spa
Transcribing agency coctgcurn
082 0# - DEWEY DECIMAL CLASSIFICATION NUMBER
Classification number 350.986
Item number R17d
100 1# - MAIN ENTRY--PERSONAL NAME
Personal name Restrepo Quijano, Rafael.
245 10 - TITLE STATEMENT
Title Derecho administrativo disciplinario /
Statement of responsibility, etc. Rafael Dario Restrepo Quijano.
260 ## - PUBLICATION, DISTRIBUTION, ETC.
Place of publication, distribution, etc. Bogotá :
Name of publisher, distributor, etc. Leyer,
Date of publication, distribution, etc. 2001.
300 ## - PHYSICAL DESCRIPTION
Extent 477 p.
336 ## - CONTENT TYPE
Source rdacontent
337 ## - MEDIA TYPE
Source rdamedia
Media type term sin mediacion
Media type code n
338 ## - CARRIER TYPE
Source rdacarrier
Carrier type term volumen
Carrier type code nc
505 8# - FORMATTED CONTENTS NOTE
Formatted contents note Potestad sancionatoria del estado y derecho administrativo disciplinario.--Antecedentes y estructura del Código disciplinario unico.--Fundamento, contenido y objeto del regimen disciplinario y responsabilidad del servidor publico.--Los principios del derecho disciplinario.--De los deberes, prohibiciones, inhabilidades e incompatibilidades y de los derechos de los servidores publicos.--El debido proceso disciplinario.--La Acción disciplinaria
650 14 - SUBJECT ADDED ENTRY--TOPICAL TERM
Topical term or geographic name entry element Derecho administrativo
Geographic subdivision Colombia.
908 ## - PUT COMMAND PARAMETER (RLIN)
Put command parameter 160627
942 ## - ADDED ENTRY ELEMENTS (KOHA)
Koha item type Libros
Classification part 350.986
Item part R17d
Source of classification or shelving scheme Dewey Decimal Classification
Existencias
Withdrawn status Lost status Source of classification or shelving scheme Damaged status Not for loan Collection Home library Current library Shelving location Date acquired Inventory number Total checkouts Full call number Barcode Date last seen Price effective from Koha item type Public note
    Dewey Decimal Classification     General Miguel Henríquez Castañeda Miguel Henríquez Castañeda General 04/29/2025 014249   350.986 R17d 014249 04/29/2025 04/29/2025 Libros 350-ADM.P